Оценка деформируемости металлов при обработке давлением; Кузнечно-штамповочное производство; № 3

Bibliografische gegevens
Parent link:Кузнечно-штамповочное производство
№ 3.— 1977.— С. 15-18
Hoofdauteur: Огородников В. А.
Taal:Russisch
Gepubliceerd in: 1977
Onderwerpen:
Formaat: MixedMaterials Hoofdstuk
KOHA link:https://koha.lib.tpu.ru/cgi-bin/koha/opac-detail.pl?biblionumber=593873

MARC

LEADER 00000naa0a2200000 4500
001 593873
005 20241211143502.0
035 |a (RuTPU)RU\TPU\tpu\7631 
090 |a 593873 
100 |a 20020118d1998 k||y0rusy50 ca 
101 0 |a rus 
102 |a RU 
200 1 |a Оценка деформируемости металлов при обработке давлением  |f В. А. Огородников 
320 |a Библиогр.: 8 назв. 
461 |t Кузнечно-штамповочное производство 
463 |t № 3  |v  С. 15-18  |d 1977 
610 1 |a металлы 
610 1 |a обработка давлением 
610 1 |a труды учёных ТПУ 
700 1 |a Огородников  |b В. А. 
801 0 |a RU  |b 63413507  |c 20020118  |g PSBO 
801 2 |a RU  |b 63413507  |c 20090606  |g PSBO 
942 |c CR